00369nam a22001337a 4500082001400000100001900014245003800033260001000071300000900081650002300090942000700113999001300120952010200133 a541.3 BRE aBrev,Wallace.S aPreinciples of Physical Chemistry a[S.L] a433p aphysical chemistry cBK c728d728 0010708NFICaICbICcGENd2015-05-25l0o541.3 BREp000397r2022-11-17 00:00:00w2015-05-25yBK